MLB World Series Starting Lineups 2020s - Statistics

General Stats
  • This quiz has been taken 314 times
  • The average score is 39 of 54
Answer Stats
Hint Answer % Correct
2022 Astros
1. 2B
Jose Altuve
99%
2021 Astros
1. 2B
Jose Altuve
99%
4. 3B Alex Bregman
97%
3. 3B Alex Bregman
97%
3. LF Yordan Alvarez
95%
4. DH Yordan Alvarez
95%
4. DH Bryce Harper
93%
2. 1B Freddie Freeman
92%
2. SS Jeremy Pena
91%
5. RF Kyle Tucker
90%
6. RF Kyle Tucker
90%
3. 2B Ozzie Albies
89%
2020 Dodgers
1. RF
Mookie Betts
88%
4. 3B Austin Riley
87%
3. C JT Realmuto
87%
3. 3B Justin Turner
87%
2022 Phillies
1. LF
Kyle Schwarber
86%
5. SS Carlos Correa
83%
6. 3B Alec Bohm
82%
9. SS Dansby Swanson
81%
3. DH Randy Arozarena
80%
5. DH Will Smith
79%
9. C Martin Maldonado
78%
9. C Martin Maldonado
78%
4. 1B Max Muncy
78%
2. 1B Rhys Hoskins
78%
7. C Travis d'Arnaud
76%
6. 1B Yuli Gurriel
76%
7. 1B Yuli Gurriel
76%
5. RF Nick Castellanos
75%
2021 Braves
1. DH
Jorge Soler
74%
8. CF Chas McCormick
73%
8. CF Chas McCormick
73%
2020 Rays
1. 1B
Yandy Diaz
73%
2. 2B Brandon Lowe
71%
6. CF Cody Bellinger
70%
2. SS Corey Seager
70%
7. SS Bryson Stott
69%
9. CF Brandon Marsh
67%
2. LF Michael Brantley
65%
5. LF Eddie Rosario
62%
7. 2B Chris Taylor
60%
8. 2B Jean Segura
58%
9. C Austin Barnes
56%
8. RF Joc Pederson
51%
8. LF Joc Pederson
51%
6. CF Adam Duvall
49%
8. CF Kevin Kiermaier
49%
9. C Mike Zunino
47%
7. SS Willy Adames
42%
5. LF Manuel Margot
35%
7. DH Trey Mancini
31%
6. 3B Joey Wendle
24%
4. RF Hunter Renfroe
19%
No matching quizzes found
Score Distribution
Percent of People with Each Score
Percentile by Number Answered
Your Score History
You have not taken this quiz